| 000 -LEADER |
| fixed length control field |
00445nam a22001577a 4500 |
| 003 - CONTROL NUMBER IDENTIFIER |
| control field |
LRUA |
| 005 - DATE AND TIME OF LATEST TRANSACTION |
| control field |
20220614150823.0 |
| 008 - FIXED-LENGTH DATA ELEMENTS--GENERAL INFORMATION |
| fixed length control field |
220614b xxu||||| |||| 00| 0 eng d |
| 040 ## - CATALOGING SOURCE |
| Transcribing agency |
rua |
| 082 ## - DEWEY DECIMAL CLASSIFICATION NUMBER |
| Edition number |
MGR NHE 2013 B429 Or. |
| 100 ## - MAIN ENTRY--PERSONAL NAME |
| 9 (RLIN) |
15009 |
| Personal name |
NHEP CHAN,ញ៉ែប ចាន់ |
| 245 ## - TITLE STATEMENT |
| Title |
effect of chemicalfertilizer on yield of hybrid corn. |
| 260 ## - PUBLICATION, DISTRIBUTION, ETC. (IMPRINT) |
| Place of publication, distribution, etc. |
rua |
| Name of publisher, distributor, etc. |
phnom penh |
| Date of publication, distribution, etc. |
2013 |
| 300 ## - PHYSICAL DESCRIPTION |
| Extent |
xiv,39p, |
| Other physical details |
ill, |
| Dimensions |
29cm, |
| 942 ## - ADDED ENTRY ELEMENTS (KOHA) |
| Source of classification or shelving scheme |
|
| Koha item type |
MGR |